European investment commentary (Record no. 114678)

MARC details
000 -LEADER
fixed length control field 01272cad a22002175a 4500
001 - CONTROL NUMBER
control field L157251
008 - FIXED-LENGTH DATA ELEMENTS--GENERAL INFORMATION
fixed length control field 121005s2012 xxkad f s 000 0 eng d
035 ## - SYSTEM CONTROL NUMBER
System control number (Sirsi) u157251
041 0# - LANGUAGE CODE
Language code of text/sound track or separate title eng
110 2# - MAIN ENTRY--CORPORATE NAME
Corporate name or jurisdiction name as entry element Knight Frank
9 (RLIN) 1530
245 00 - TITLE STATEMENT
Title European investment commentary
Remainder of title Summer/Autumn 2012
Medium [electronic resource]
260 ## - PUBLICATION, DISTRIBUTION, ETC.
Place of publication, distribution, etc. London
Name of publisher, distributor, etc. Knight Frank
Date of publication, distribution, etc. 2012
490 #0 - SERIES STATEMENT
Series statement Knight Frank European Investment Commentary
Volume/sequential designation Summer/Autumn 2012
520 ## - SUMMARY, ETC.
Summary, etc. Eurozone GDP is forecast to contract by 0.4% in 2012 and growth prospects in 2013 have weakened. Occupier market activity has eased moderately with European office take-up falling by 4% in H1 2012 compared with the same period of 2011. Prime rental growth has stalled in most European markets, and rents have come under downward pressure in some weak southern European markets. European commercial property investment volumes fell by around 20% in H1 2012 on a year-on-year basis.
590 ## - LOCAL NOTE (RLIN)
Local note NTK KA
650 24 - SUBJECT ADDED ENTRY--TOPICAL TERM
Topical term or geographic name entry element KNIGHT FRANK EUROPEAN INVESTMENT COMMENTARY
651 #4 - SUBJECT ADDED ENTRY--GEOGRAPHIC NAME
Geographic name Europe
690 ## - LOCAL SUBJECT ADDED ENTRY--TOPICAL TERM (OCLC, RLIN)
Topical term or geographic name as entry element Commercial property
9 (RLIN) 6227
856 40 - ELECTRONIC LOCATION AND ACCESS
Uniform Resource Identifier <a href="https://my.knightfrank.com/research/?regionid=6">https://my.knightfrank.com/research/?regionid=6</a>
Public note View this report (click on Europe and Commercial in the Refine box, then on title link) at www. knightfrank.com
942 ## - ADDED ENTRY ELEMENTS (KOHA)
Suppress in OPAC 0
Holdings
Withdrawn status Lost status Source of classification or shelving scheme Damaged status Not for loan Home library Current library Shelving location Date acquired Total Checkouts Full call number Barcode Date last seen Copy number Price effective from Koha item type
    Dewey Decimal Classification     Virtual Virtual Online 05/10/2012   ONLINE PUBLICATION 157251-2001 06/08/2019 1 06/08/2019 Book